| 000 | 00833nam a2200241Ia 4500 | ||
|---|---|---|---|
| 003 | GCL | ||
| 008 | 140319s9999 xx 000 0 ara d | ||
| 040 |
_aGCL / _cGCL |
||
| 082 | 0 | 4 |
_a372.218 _bع ط |
| 100 | 1 | _aعواطف ابراهيم محمد | |
| 245 | 1 | 0 |
_aطرق تعليم الطفل مهارات القراءة والكتابة4: 6 سنوات / _cعواطف ابراهيم محمد |
| 700 | 1 | _aمحمد الصعيدى | |
| 700 | 1 | _aاحمد البنا | |
| 260 |
_aالقاهرة : _bمكتبة الانجلوالمصرية ، _c1989 |
||
| 300 |
_a40 ص ؛ _c24 سم |
||
| 490 | _a | ||
| 650 | 0 | 4 | _aرياض الاطفال |
| 650 | 0 | 4 | _aتعليم الاطفال |
| 650 | 0 | 4 | _aمدارس الحضانة |
| 650 | 0 | 4 | _aالوسائل التعليمية |
| 650 | 0 | 4 | _aالكتب والقراءة |
| 942 |
_2ddc _cBK |
||
| 999 |
_c33221 _d33221 |
||